Trees I (Record no. 40029)
[ view plain ]
| 000 -LEADER | |
|---|---|
| fixed length control field | 00470nam a2200169Ia 4500 |
| 082 ## - DEWEY DECIMAL CLASSIFICATION NUMBER | |
| Classification number | 573.6:630 |
| Item number | BAJ.1 |
| 100 ## - MAIN ENTRY--AUTHOR NAME | |
| Personal name | Bajaj, Y P S |
| 245 #0 - TITLE STATEMENT | |
| Title | Trees I |
| 260 ## - PUBLICATION, DISTRIBUTION, ETC. (IMPRINT) | |
| Place of publication | Berlin |
| Name of publisher | Springer-Verlag |
| Year of publication | 1986 |
| 490 ## - SERIES STATEMENT | |
| Series statement | Biotechnology in Agriculture and Forestry 1 |
| 650 ## - SUBJECT ADDED ENTRY--TOPICAL TERM | |
| Topical Term | Banana tissue culture |
| 650 ## - SUBJECT ADDED ENTRY--TOPICAL TERM | |
| Topical Term | Coconut tissue culture |
| 650 ## - SUBJECT ADDED ENTRY--TOPICAL TERM | |
| Topical Term | Cryopreservation |
| 650 ## - SUBJECT ADDED ENTRY--TOPICAL TERM | |
| Topical Term | Tree pollen preservation |
| 942 ## - ADDED ENTRY ELEMENTS (KOHA) | |
| Koha item type | Books |
| Withdrawn status | Lost status | Damaged status | Not for loan | Home library | Current library | Date acquired | Cost, normal purchase price | Full call number | Accession Number | Koha item type |
|---|---|---|---|---|---|---|---|---|---|---|
| RRII Library | RRII Library | 16/12/2021 | 322.00 | 573.6:630 BAJ.1 | 20347 | Books |